Tesoros humanos vivos 2016

Պահպանված է:
Մատենագիտական մանրամասներ
Համատեղ հեղինակ: Consejo Nacional de la Cultura y las Artes (Հեղինակ)
Ձևաչափ: Գիրք
Լեզու:իսպաներեն
Հրապարակվել է: Santiago Consejo Nacional de la Cultura y las Artes 2017
Հրատարակություն:1a. ed
Խորագրեր:
Ցուցիչներ: Ավելացրեք ցուցիչ
Չկան պիտակներ, Եղեք առաջինը, ով նշում է այս գրառումը!

MARC

LEADER 00000cam a2200000 a 4500
001 UCC2731
003 CL-VaPUC
008 180316e20170000cl |||||||||||||||||spa|d
020 |a 9789563522631 
082 0 4 |a 306.983  |b CON  |2 21 
110 2 |a Consejo Nacional de la Cultura y las Artes  |e author  |9 596735 
245 1 0 |a Tesoros humanos vivos 2016 
250 |a 1a. ed 
300 |a 152 p 
942 |c BK 
945 |d 20180316 12:27:00  |a arojas 
260 |a Santiago  |b Consejo Nacional de la Cultura y las Artes  |c 2017 
500 |a Incluye cd 
650 0 |a Patrimonio cultural  |9 309364 
650 0 |a Identidad cultural  |9 319131 
650 7 |a PATRIMONIO INMATERIAL  |2 CL-VaPUC  |9 523072 
651 7 |a CHILE  |2 CL-VaPUC  |9 596736 
583 |a last modification  |c 20180316 12:27:00  |k Rodrigo Vera 
999 |c 370697  |d 370695 
952 |0 0  |1 0  |3 erd  |4 0  |6 306_983000000000000_CON_2017  |7 0  |8 C  |9 487278  |a BIBCUR  |b BIBCUR  |i 5456614  |o 306.983 CON 2017  |p 5456614  |r 2025-04-22  |w 2019-11-24  |y BK  |z Catalogado en:20180316  |k CAC